01530nab a2200265 i 4500001000400000003000400004005001700008008003900025040000800064041001300072044000800085080001000093100013400103245016800237260001000405500002100415520035500436650003100791655003000822650001400852650001100866700013700877711013501014773011501149BPPBPK20190618142959.0141210s1987 pl | | |100 ||pol cBPK apolbeng aPOL a621.9 aSOCHA, Stanisław.d1973 - 1996.bWyższa Szkoła Inżynierska w Koszalinie - Wydział Mechaniczny,cZakład Technologii Maszyn aWpływ energii powierzchniowej obrabianego metalu na przebieg skrawania = bEffect of the surface energy on metal cutting /cStanisław Socha, Tadeusz Karpiński. c1987. aDane z autopsji. aW referacie przedstawiono wyniki badań mosiądzów ά w zakresie grubości warstw skrawanych od 10~^mm. Stwierdzono, że przy grubości warstw skrawanych około 50~^mm następuje zmiana w przebiegu procesu. Wykazano, że zmiana ta jest spowodowana oddziaływaniem energii powierzchniowej na przebieg odkształcenia przy formowaniu wióra. aNapięcie powierzchniowe. 0aMateriały konferencyjne. 0aSkrawanie 0aMetale aKARPIŃSKI, Tadeusz.d1970 - 1996.bWyższa Szkoła Inżynierska w Koszalinie - Wydział Mechaniczny,cZakład Technologii Maszyn aOgólnopolska Konferencja Naukowo-Techniczna nt. Tendencje rozwojowe w technologii maszynn(5 ;d1987 ;cZielona Góra, Polska). iW :tZeszyty Naukowe Wyższej Szkoły Inżynierskiej w Zielonej Górze. Mechanika. -g1987, Z. 17, s. 54-57